| 000 | 00438cam a2200145 4500500 | ||
|---|---|---|---|
| 005 | 20251012032607.0 | ||
| 041 | _afre | ||
| 042 | _adc | ||
| 100 | 1 | 0 |
_aRomano de Sant’Anna, Affonso _eauthor |
| 245 | 0 | 0 | _aA vida é um caravançarai |
| 260 | _c2007. | ||
| 500 | _a29 | ||
| 786 | 0 | _nSigila | 19 | 1 | 2007-06-20 | p. 77-80 | 1286-1715 | |
| 856 | 4 | 1 | _uhttps://shs.cairn.info/revue-sigila-2007-1-page-77?lang=fr&redirect-ssocas=7080 |
| 999 |
_c1547755 _d1547755 |
||